Ч. 1; История мировых цивилизаций

Bibliographische Detailangaben
Parent link:История мировых цивилизаций/ Ма Ке. Ч. 1.— , 2004.— 7-301-07707-6
Sprache:Chinesisch
Veröffentlicht: 2004
Schlagworte:
Format: MixedMaterials Buch
KOHA link:https://koha.lib.tpu.ru/cgi-bin/koha/opac-detail.pl?biblionumber=118287

MARC

LEADER 00000nam2a2200000 4500
001 118287
005 20231031124059.0
035 |a (RuTPU)RU\TPU\book\128005 
090 |a 118287 
100 |a 20070609d2004 m y0rusy50 ca 
101 0 |a chi 
102 |a CN 
105 |a a z 000zy 
200 0 |a Ч. 1 
210 |d 2004 
215 |a 712 с.  |c ил. 
461 1 |0 (RuTPU)RU\TPU\book\128474  |y 7-301-07707-6  |t История мировых цивилизаций  |f Ма Ке  |v Ч. 1  |d 2004 
606 1 |a Всеобщая история  |2 stltpush  |3 (RuTPU)RU\TPU\subj\3762 
610 1 |a мировые цивилизации 
610 1 |a история 
610 1 |a земледелие 
610 1 |a земледельческие цивилизации 
610 1 |a индустриальные цивилизации 
610 1 |a индустрия 
686 |a Т3(0)  |2 rubbk 
801 1 |a RU  |b 63413507  |c 20070609  |g PSBO 
801 2 |a RU  |b 63413507  |c 20220531  |g PSBO 
942 |c BK